CONTRACT LAW (Record no. 162581)
[ view plain ]
| 000 -LEADER | |
|---|---|
| fixed length control field | 00224nam a2200097Ia 4500 |
| 050 ## - LIBRARY OF CONGRESS CALL NUMBER | |
| Classification number | KD 1554 .D89 2008 |
| 100 ## - MAIN ENTRY--PERSONAL NAME | |
| Personal name | DUXBURY, ROBERT |
| 245 #0 - TITLE STATEMENT | |
| Title | CONTRACT LAW |
| 942 ## - ADDED ENTRY ELEMENTS (KOHA) | |
| Koha item type | Long Loan Book |
| Withdrawn status | Lost status | Source of classification or shelving scheme | Damaged status | Not for loan | Collection | Home library | Current library | Date acquired | Inventory number | Total checkouts | Full call number | Barcode | Date last seen | Date last checked out | Copy number | Price effective from | Koha item type |
|---|---|---|---|---|---|---|---|---|---|---|---|---|---|---|---|---|---|
| Library of Congress Classification | Law | Kisii University Library | Kisii University Library | 11/30/2023 | 27258 | 3 | KD 1554 .D89 2008 | 022684 | 03/19/2026 | 03/05/2026 | C.2 | 11/30/2023 | Long Loan Book | ||||
| Library of Congress Classification | Law | Kisii University Library | Kisii University Library | 11/30/2023 | 26806 | 1 | KD 1554 .D89 2008 | 041525 | 03/31/2026 | 03/25/2026 | C.1 | 11/30/2023 | Long Loan Book |